00369cam a2200145ua 45000010005000000080039000050400009000440410012000530820012000651000025000772450046001022600037001483000009001856530029001948998040101n II |||gr||||Z||||||eng aMAIN aEnglish a640 SRI aSRIVASTAVA, PURNIMA. aEDUCATION NUTRITION AND CHILD DEVELOPMENT a[s.l]:bENOUGH PUBLISHER,c1991. a175. aHome & family management